000 00460nam a2200181Ia 4500
001 24001
005 20260414151014.0
008 260414t2019||||xx |||||||||||||| ||spa||
041 _aESP
082 _a745.5085
_bR63
100 _aRíos Acuña, Sirley
_eAUT
245 0 _aArtesanías del Perú :
_bhistoria, tradición e innovación
260 _c2019
300 _a223 páginas :
_c22 cm.
650 _aABD
654 _aCAU
942 _cLIB
_dJUS
_fJUS
_2ddc
_n
999 _c24001
_d24001